Sports Quiz

Random Sports or Soccer Quiz

Countries by CAF Regional Federation Quiz Stats

 Plays Quiz not verified by Sporcle

Challenge
Share
Tweet
Embed
Score 0/55 Timer 05:00
0 Plays Today
% Correct
UNAF
50%
WAFU-UFOA
50%
WAFU-UFOA
50%
COSAFA
50%
COSAFA
50%
COSAFA
50%
COSAFA
50%
COSAFA
50%
COSAFA
50%
UNAF
37.5%
WAFU-UFOA
37.5%
WAFU-UFOA
37.5%
WAFU-UFOA
37.5%
CECAFA
37.5%
CECAFA
37.5%
CECAFA
37.5%
COSAFA
37.5%
COSAFA
37.5%
COSAFA
37.5%
COSAFA
37.5%
COSAFA
37.5%
COSAFA
37.5%
COSAFA
37.5%
UNAF
25%
UNAF
25%
UNAF
25%
WAFU-UFOA
25%
WAFU-UFOA
25%
% Correct
WAFU-UFOA
25%
WAFU-UFOA
25%
WAFU-UFOA
25%
WAFU-UFOA
25%
WAFU-UFOA
25%
WAFU-UFOA
25%
UNIFFAC
25%
CECAFA
25%
CECAFA
25%
CECAFA
25%
CECAFA
25%
COSAFA
25%
WAFU-UFOA
12.5%
WAFU-UFOA
12.5%
WAFU-UFOA
12.5%
UNIFFAC
12.5%
UNIFFAC
12.5%
UNIFFAC
12.5%
UNIFFAC
12.5%
UNIFFAC
12.5%
CECAFA
12.5%
CECAFA
12.5%
CECAFA
12.5%
CECAFA
12.5%
CECAFA
12.5%
UNIFFAC
0%
UNIFFAC
0%

You're not logged in!

Compare scores with friends on all Sporcle quizzes.
OR
Log In

You Might Also Like...

Show Comments

Extras

Top Quizzes Today


Score Distribution

Your Account Isn't Verified!

In order to create a playlist on Sporcle, you need to verify the email address you used during registration. Go to your Sporcle Settings to finish the process.

Report this User

Report this user for behavior that violates our Community Guidelines.

Details: